Harry Potter and the Chamber of Secrets Quiz - Statistics

General Stats
  • This quiz has been taken 90 times
  • The average score is 9 of 10
Answer Stats
Question Answer % Correct
What do Harry and Ron use to get to Hogwarts A Car (Mr. Weasley's Ford Angila)
100%
What is the name of Dumbledore's Phoenix Fawkes
100%
What does Dobby do to Aunt Petunia's cake/pudding? He makes it fly in the air and land on Ms. Masons framing Harry because he was going after the cake
100%
Why does Dobby not want Harry Potter to go back to school? Because he thinks the Chamber of Secrets will be opened for the first time in 50 years
91%
What was the result of the match between Gryffindor and Slytherin Gryffindor 180 Slytherin- 90, Gryffindor wins by 90 points
91%
What Role does Draco Malfoy have as a Quidditch Player for Slytherin Seeker
91%
How was Hermione Attacked By looking in a mirror and seeing the Basilisk's eyes through it
82%
Name the four founders of Hogwarts Godric Gryffindor, Helga Hufflepuff, Rowena Ravenclaw & Salazar Slytherin
82%
Who did Cornelius Fudge (The "Minister of Magic") think was responsible for the attacks? Rubeus Hagrid
82%
Who was the Headmaster when the Chamber had been opened Fifty Years ago on 13th June? Armando Dippet
45%
No matching quizzes found
Score Distribution
Percent of People with Each Score
Percentile by Number Answered
Your Score History
You have not taken this quiz